| 000 | 00343nam a2200145Ia 4500 | ||
|---|---|---|---|
| 008 | 230917s9999||||xx |||||||||||||| ||und|| | ||
| 040 |
_e192549 _aMAIN |
||
| 041 | _aEnglish | ||
| 082 | _a294.6 B39G | ||
| 100 | _aBedi, Gurnam Kaur | ||
| 245 | 0 | _aGurmat vivechan | |
| 260 |
_aAmritsar _bRuhi Prakashan _c1994 |
||
| 300 | _a105 p. | ||
| 942 | _cBK | ||
| 999 |
_c80064 _d80064 |
||